书目信息 |
| 题名: |
乳制品
|
|
| 作者: | 郭本恒 | |
| 分册: | ||
| 出版信息: | 北京 化学工业出版社 2001 |
|
| 页数: | 365 | |
| 开本: | 20cm | |
| 丛书名: | ||
| 单 册: | ||
| 中图分类: | TS252.42 | |
| 科图分类: | ||
| 主题词: | 食品工业 | |
| 电子资源: | ||
| ISBN: | 7-5025-2973-X | |
| 000 | 00481nam0 2200181 450 | |
| 001 | 0741144344 | |
| 005 | 20070817112544.34 | |
| 010 | @a7-5025-2973-X@d¥26.00 | |
| 100 | @a20070817d km y0chiy0120 ea | |
| 101 | 0 | @achi |
| 200 | 1 | @a乳制品@Aru zhi pin@f郭本恒@Fguo ben heng |
| 210 | @a北京@c化学工业出版社@d2001 | |
| 215 | @a365@d20cm | |
| 606 | 0 | @a食品工业 |
| 690 | @aTS252.42@v3 | |
| 701 | 0 | @a郭本恒@Aguo ben heng |
| 801 | 0 | @aCN@bPFT@c20070817 |
| 905 | @a213230@dTS252.42@en2@f1 | |
| 乳制品/郭本恒.-北京:化学工业出版社,2001 |
| 365;20cm |
| ISBN 7-5025-2973-X:¥26.00 |
| ● |
| 相关链接 |
|
|
|
|
正题名:乳制品
索取号:TS252.42/n2
 
预约/预借
| 序号 | 登录号 | 条形码 | 馆藏地/架位号 | 状态 | 备注 |
| 1 | 6600763 | 266007634 | 密集书库-生命科学系/ [索取号:TS252.42/n2] | 在馆 |